| 000 | 01862nam a22002177a 4500 | ||
|---|---|---|---|
| 005 | 20221019100400.0 | ||
| 008 | 221019b ||||| |||| 00| 0 eng d | ||
| 040 | _cAL | ||
| 041 | _aeng | ||
| 082 |
_223 _a306.0954 _bPLAN |
||
| 100 |
_aPlanning Commission Government of India _959930 |
||
| 245 | _aNational human development report 2001 | ||
| 260 |
_aNew Delhi _bPlanning Commission Government of India _c2002 |
||
| 300 |
_aiv,297p. _bPB _c30x21cm. |
||
| 520 | _aThe Report attempts to map the state of human development in India, looking in particular at gender equality and poverty. The Report breaks new ground in several areas by presenting the level of human development at State-level and in constructing indices such as a gender equality index. The Report finds that although overall human development has improved, at the State level there are wide disparities. However, it notes that among the middle-income states there is no correspondence between the HDI and level of development, indicating that allocation of adequate public resources is not enough; they must be used effectively and efficiency. Human attainment appears to be better where there is social mobilization for human development, and where female literacy and empowerment encourages women to have a say in the decision-making process at the household level. The Report also includes a section on governance, suggesting an alternative framework of governance to further human development. This includes empowering women, reforming the civil service, supporting civil society initiatives, and removing unnecessary procedural regulations that stifle entrepreneurial energy. | ||
| 650 |
_aEconomic Attainments _959926 |
||
| 650 |
_aEducational Attainments _959927 |
||
| 650 |
_aHealth Attainment _959928 |
||
| 700 |
_aPLANNING COMMISSION GOVERNMENT OF INDIA _959929 |
||
| 942 |
_2ddc _cGF |
||
| 999 |
_c224881 _d224881 |
||